Vista normal
Vista MARC
Entrada Nombre corporativo
Número de registros utilizados en: 1
001 - NÚMERO DE CONTROL
- campo de control: 89742
003 - IDENTIFICADOR DEL NÚMERO DE CONTROL
- campo de control: DO-SdBNP
005 - FECHA Y HORA DE LA ÚLTIMA TRANSACCIÓN
- campo de control: 20260525195223.0
008 - DATOS DE LONGITUD FIJA
- campo de control de longitud fija: 260525|| aza||aabn | a|a d
040 ## - FUENTE DE LA CATALOGACIÓN
- Centro catalogador/agencia de origen: DO-SdBNP
- Lengua de catalogación: spa
- Centro/agencia transcriptor: BNPHU
- Normas de descripción: rda
110 ## - ENCABEZAMIENTO-NOMBRE DE ENTIDAD CORPORATIVA
- Nombre de entidad corporativa o nombre de jurisdicción como elemento de entrada: Semana Internacional de la Poesía (
- Número del congreso/reunión o número de parte o sección: 7a.
- Fecha del congreso/reunión o de la firma de un tratado: : 2018 oct. 19 :
- Sede del congreso/Lugar de la reunión: Santo Domingo, República Dominicana)
